Statistics for Spanish-American War

Click here to take the quiz!

General Stats

  • This quiz has been taken 44 times
  • The average score is 10 of 10

Answer Stats

QuestionAnswer% Correct
When did the Spanish-American War occur?April 21, 1898-December 10, 1898
100%
What did the Cubans want?To be a independent country
100%
(Read this passage) The Spanish-American War was a conflict between the United States and Spain that effectively ended Spain's role as a colonial power in the New World. The United States emerged from the war as a world power with significant territorial claims stretching from the Caribbean to Southeast Asia. Did you read this passage?Yes
100%
A stronger country controlling a weaker country for their own benefit is _____Imperialism
97%
What century did the Spanish-American War occurLate 1800s
97%
What other country was controlled by Spain, and wanted to be independent? (besides Cuba)Philippines
97%
What did America become after the Spanish-American WarA world power
95%
Who was the President of the United States of America during the Spanish-American War?William McKinley
92%
What did America blame on the Spanish that caused the war?The sinking of the USS Maine
89%
Who became POTUS (President of the United States) after William McKinley?Theodore Roosevelt
87%

Score Distribution

Percentile by Number Answered

Percent of People with Each Score

Your Score History

You have not taken this quiz